00451nam a2200121Ia 4500008004100000024006000041082001800101100007400119245004500193260002600238600003200264650003300296260210s9999 xx 000 0 und d a98A-028-CS, 98A-016-CS, 98A-023-CS & 98A-033-CS a004.67072 MAN aM. Mansoor Niaz, Mahmood-Ul-Hasan, Mazhar Iqbal & S. Muhammad Ali 0aIntranet Based Audio & Video Library aKarachi:bUITU,c1998 aComputer System Engineering aBachelor of Engineering (BE)